| 000 | 00781nam a22003010a 4500 | ||
|---|---|---|---|
| 001 | PT39131 | ||
| 003 | AR-LpoUNG | ||
| 005 | 20250130085449.0 | ||
| 008 | 191001s1957||||xxu|||||||||||||||||eng d | ||
| 040 |
_aAR-LpoUNG _bspa _cAR-LpoUNG _eaacr |
||
| 041 | 0 | _aeng | |
| 044 | _axxu | ||
| 082 | 0 | _a501.51 45mat | |
| 100 | 1 | _aKhinchin, A. I. | |
| 245 | 1 | 0 | _aMathematical foundations of information theory |
| 250 | _a1ra. ed. | ||
| 260 |
_aNueva York : _bDover, _c1957. |
||
| 300 |
_a120, [15] p. : _btbls. |
||
| 650 | 4 | _aANALISIS MATEMATICO | |
| 650 | 4 | _aMATEMATICAS | |
| 650 | 4 | _aPROBABILIDAD | |
| 650 | 4 | _aTECNOLOGIA | |
| 650 | 4 | _aTEORIA DE LA INFORMACION | |
| 700 | 1 |
_aFriedman, M. D. _etr. |
|
| 700 | 1 |
_aSilverman, R. A. _etr. |
|
| 905 | _a39131 | ||
| 942 |
_cLIB _2ddc |
||
| 999 |
_c4846 _d4846 |
||